| 000 | 00871cam a2200301 a 4500 | ||
|---|---|---|---|
| 001 | 11988 | ||
| 003 | BD-RjUL | ||
| 005 | 20211208235222.0 | ||
| 008 | 140127s1977 enka b 000 0 eng | ||
| 020 | _a0713126361 : | ||
| 020 | _a071312637X (pbk.) | ||
| 035 | _a(BD-RjUL)12037 | ||
| 040 |
_aLC _beng _cLC _dXNTU _dBD-RjUL |
||
| 041 | _aeng | ||
| 082 | 0 | 4 |
_a581.65 _bHIB 1977 |
| 100 | 1 |
_aHill, Thomas Anthony. _937159 |
|
| 245 | 1 | 4 |
_aThe biology of weeds / _cby Thomas A. Hill. |
| 260 |
_aLondon : _bE. Arnold, _c1977. |
||
| 300 |
_a64 p. : _bill., : _b22 cm. |
||
| 490 | 1 | _aThe Institute of Biology's studies in biology ; no. 79 | |
| 504 | _aBibliography: p. [60]-61. | ||
| 650 | 0 |
_aWeeds. _937160 |
|
| 830 | 0 |
_vno. 79. _937718 |
|
| 830 | 0 |
_aInstitute of Biology's studies in biology ; _937719 |
|
| 942 |
_2ddc _cBK |
||
| 999 |
_c11988 _d11988 |
||